| 000 | 00000nam 2200000zi 4500 |
| 001 | 9.869043 |
| 003 | CaOODSP |
| 005 | 20241118091208 |
| 006 | m o d f |
| 007 | cr ||||||||||| |
| 008 | 190227t20192019onc o f000 0 eng d |
| 020 | |a9780660297903 |
| 040 | |aCaOODSP|beng|erda|cCaOODSP |
| 043 | |an-cn--- |
| 086 | 1 |aEn4-94/11-2019E-PDF |
| 245 | 00|aTank tip 11 : |brecord keeping for your storage tank system. |
| 264 | 1|a[Ottawa] : |bEnvironment and Climate Change Canada = Environnement et Changement climatique Canada, |c2019. |
| 264 | 4|c©2019 |
| 300 | |a1 online resource (2 pages) |
| 336 | |atext|btxt|2rdacontent |
| 337 | |acomputer|bc|2rdamedia |
| 338 | |aonline resource|bcr|2rdacarrier |
| 500 | |aIssued also in French under title: Sachez stocker 11 : tenue de registres sur votre système de stockage. |
| 500 | |aCaption title. |
| 650 | 0|aOil storage tanks|xLaw and legislation|zCanada. |
| 650 | 0|aPetroleum products|xStorage|xLaw and legislation|zCanada. |
| 710 | 1 |aCanada. |bEnvironment and Climate Change Canada. |
| 775 | 08|tSachez stocker 11 : |w(CaOODSP)9.869044 |
| 794 | |tTank tip 11 : |b(2023)|w(CaOODSP)9.919574 |
| 795 | |tTank tip 10 on Storage Tank Systems for Petroleum Products and Allied Petroleum Products Regulations |w(CaOODSP)9.801862 |
| 856 | 40|qPDF|s900 KB|uhttps://publications.gc.ca/collections/collection_2019/eccc/en4-94/En4-94-11-2019-eng.pdf |